000 00266nam a2200109Ia 4500
008 190914s9999||||xx |||||||||||||| ||und||
100 _aWayne L. Winston
245 0 _aOperations Research
260 _aNew Delhi
_bTata McGraw Hill
_c2002
300 _a764
942 _cBK
999 _c9627
_d9627